Statistics for NBA Common Last Names

Click here to take the quiz!

General Stats

  • This quiz has been taken 64 times
  • The average score is 10 of 12

Answer Stats

Players Last Name % Correct
Draymond, Danny, Jeff, JaMychal, GeraldGreen
100%
J.R., Ish, JasonSmith
89%
Klay, Tristan, HollisThompson
89%
Nick, Thaddeus, James, JoeYoung
88%
Deron, Lou, Mo, Marvin, Derrick, Troy, AlanWilliams
84%
Tobias, Gary, Devin, JoeHarris
81%
Joe, Wesley, Stanley, Amir, James, Tyler, BriceJohnson
77%
Anthony, Ed, DeyontaDavis
74%
Damian, Terrence, James, Tyus, DerrickJones
72%
Ryan, Kyle, Justin, AlanAnderson
70%
Mason, Miles, MarshallPlumlee
67%
George, Solomon, JordanHill
65%

Score Distribution

Percentile by Number Answered

Percent of People with Each Score

Your Score History

You have not taken this quiz